<?xml version="1.0" encoding="UTF-8"?>
<collection xmlns="http://www.loc.gov/MARC21/slim">
 <record>
  <leader>00928pmm a22002778a 4500</leader>
  <controlfield tag="001">00032488</controlfield>
  <controlfield tag="005">20171026081025.0</controlfield>
  <controlfield tag="008">140922s2010                  ||||||engsd</controlfield>
  <datafield tag="041" ind1="0" ind2="#">
   <subfield code="a">eng</subfield>
  </datafield>
  <datafield tag="082" ind1="1" ind2="4">
   <subfield code="a">423</subfield>
   <subfield code="b">O435A</subfield>
  </datafield>
  <datafield tag="100" ind1="1" ind2="#">
   <subfield code="a">Hornby, A S</subfield>
  </datafield>
  <datafield tag="245" ind1="1" ind2="0">
   <subfield code="h">nguồn liệu điện tử]</subfield>
   <subfield code="c">A S Hornby</subfield>
   <subfield code="a">Oxford advanced learner's dictionary of current English</subfield>
   <subfield code="b">International Student's edition</subfield>
  </datafield>
  <datafield tag="250" ind1="#" ind2="#">
   <subfield code="a">8th ed.</subfield>
  </datafield>
  <datafield tag="260" ind1="#" ind2="#">
   <subfield code="a">Oxford</subfield>
   <subfield code="b">Oxford Univ. Press</subfield>
   <subfield code="c">2010</subfield>
  </datafield>
  <datafield tag="300" ind1="#" ind2="#">
   <subfield code="a">1 CD.</subfield>
   <subfield code="c">43/4 inch.</subfield>
   <subfield code="e">kèm sách</subfield>
  </datafield>
  <datafield tag="650" ind1="#" ind2="4">
   <subfield code="x">Đĩa CD</subfield>
   <subfield code="a">Từ điển tiếng anh</subfield>
  </datafield>
  <datafield tag="653" ind1="#" ind2="#">
   <subfield code="a">Tiếng anh</subfield>
  </datafield>
  <datafield tag="653" ind1="#" ind2="#">
   <subfield code="a">Từ điền</subfield>
  </datafield>
  <datafield tag="852" ind1="#" ind2="#">
   <subfield code="b">Kho đa phương tiện</subfield>
   <subfield code="j">DPT.0002772, DPT.0002773, DPT.0002771</subfield>
  </datafield>
  <datafield tag="852" ind1="#" ind2="#">
   <subfield code="j">DPT.0002773</subfield>
   <subfield code="j">DPT.0002771</subfield>
   <subfield code="j">DPT.0002772</subfield>
  </datafield>
  <datafield tag="910" ind1="0" ind2="#">
   <subfield code="d">22/9/2014</subfield>
  </datafield>
  <datafield tag="980" ind1="#" ind2="#">
   <subfield code="a">Trung tâm Học liệu Lê Vũ Hùng, Trường Đại học Đồng Tháp</subfield>
  </datafield>
 </record>
</collection>
